| 000 | 00970nas a2200337 4500 | ||
|---|---|---|---|
| 001 | BR2012001267 | ||
| 003 | BR-BrBNA | ||
| 005 | 20231205120249.0 | ||
| 007 | ta | ||
| 008 | 230509b bl.|||p| |||| 00| 00por d | ||
| 040 |
_aBR-BrBNA _bpor _cBiblioteca Nacional de Agricultura |
||
| 041 | _a(En) | ||
| 072 | _aF61; F01 | ||
| 100 | 1 | _aAndriolo, J.L. | |
| 100 | 1 | _aErpen, L. | |
| 100 | 1 | _aCardoso, F.L. | |
| 100 | 1 | _aCocco, C. | |
| 100 | 1 | _aCasagrande, G.S. | |
| 100 | 1 | _aJanisch, D.I. | |
| 245 | 1 | _aNitrogen levels in the cultivation of strawberries in soilless culture | |
| 650 | _aMORANGO | ||
| 650 | _aCRESCIMENTO | ||
| 650 | _aNUTRIENTE MINERAL | ||
| 650 | _aNITROGÊNIO | ||
| 650 | _aADUBAÇÃO | ||
| 650 | _aRENDIMENTO | ||
| 650 | _aCULTIVO HIDROPÔNICO | ||
| 773 | 0 |
_tHorticultura Brasileira (Brazil) _xISSN 0102-0536 _g(Oct-Dec 2011), v. 29(4) p. 516-519 _wBR2012001267 |
|
| 909 |
_a202311 _bLúcia _c55 _dLúcia Elande |
||
| 942 |
_2AGRIS _n0 _cANA |
||
| 999 |
_c217662 _d217662 |
||